| 000 | 00500nam a2200181 4500 | ||
|---|---|---|---|
| 001 | 113659 | ||
| 003 | ES-MaACL | ||
| 005 | 20230906185954.0 | ||
| 007 | t| | ||
| 008 | 061121s1969 sp r ||||1| spa d | ||
| 245 | 0 | 0 |
_aDiccionario ruso-español español-ruso / _cJ. Nogueira, G. Turover. |
| 250 | _a1ª. ed. | ||
| 260 |
_aBarcelona : _bDanae, _c1969. |
||
| 300 |
_a2 v. ; _c26 cm. |
||
| 700 | 1 |
_aNogueira, J. _985857 |
|
| 700 | 1 |
_aTurover, G. _9111750 |
|
| 852 |
_aES-MaACL _jC-37375-76 _bR.69919 |
||
| 999 |
_c113659 _d113659 |
||